Quyền tác giả ở Việt Nam pháp luật và thực thi

Nội dung tài liệu trình bày tổng quan về quyền tác giả, các quy định pháp luật hiện hành và quản lý nhà nước về quyền tác giả. Phân tích thực trạng quản lý nhà nước về quyền tác giả và các quyền liên quan và đưa ra một số giải pháp nh...

全面介绍

Đã lưu trong:
书目详细资料
主要作者: Trần, Văn Nam
格式: 图书
语言:Undetermined
出版: Hà Nội Tư Pháp 2014
主题:
标签: 添加标签
没有标签, 成为第一个标记此记录!
Thư viện lưu trữ: Trung tâm Học liệu Trường Đại học Cần Thơ
LEADER 01238nam a2200241Ia 4500
001 CTU_201547
008 210402s9999 xx 000 0 und d
020 |c 65000 
082 |a 346.5970482 
082 |b N104 
100 |a Trần, Văn Nam 
245 0 |a Quyền tác giả ở Việt Nam pháp luật và thực thi 
245 0 |c Trần Văn Nam (chủ biên) 
260 |a Hà Nội 
260 |b Tư Pháp 
260 |c 2014 
520 |a Nội dung tài liệu trình bày tổng quan về quyền tác giả, các quy định pháp luật hiện hành và quản lý nhà nước về quyền tác giả. Phân tích thực trạng quản lý nhà nước về quyền tác giả và các quyền liên quan và đưa ra một số giải pháp nhằm tăng cường thực thi pháp luật về quyền tác giả ở Việt Nam 
526 |a Pháp luật về sở hữu trí tuệ 
526 |b KL607 
650 |a Copyright Law conference,Bình luận về Luật Bản qyền 
650 |z Vietnam,Việt Nam 
904 |i Bằng 
980 |a Trung tâm Học liệu Trường Đại học Cần Thơ